[Event "AUT-chT2W 2223"]
[Site "Austria"]
[Date "2023.04.22"]
[Round "10.1"]
[White "Petrov, Marian"]
[Black "Leeb, Simon"]
[Result "1-0"]
[WhiteElo "2448"]
[BlackElo "2267"]
[PlyCount "67"]
[EventDate "2022.09.23"]
[EventType "team-tourn"]
[EventRounds "11"]
[EventCountry "AUT"]
[SourceTitle "EXT 2024"]
[Source "ChessBase"]
[SourceDate "2023.10.10"]
[SourceVersion "1"]
[SourceVersionDate "2023.10.10"]
[SourceQuality "1"]
[WhiteTeam "Lustenau"]
[BlackTeam "Salzburg Royal"]
[WhiteTeamCountry "AUT"]
[BlackTeamCountry "AUT"]

1. e4 c6 2. d4 d5 3. e5 c5 4. dxc5 e6 5. a3 Bxc5 6. Qg4 Ne7 7. Bd3 Ng6 8. Nf3 Nc6 9. 0-0 0-0 10. Qh5 Nd4 11. Ng5 h6 12. Nxf7 Rxf7 13. Qxg6 Qh4 14. Be3 Bb6 15. Qh7+ Kf8 16. Nc3 Ke7 17. Bg6 Bd7 18. Bxf7 Kxf7 19. Qd3 Rc8 20. Rad1 Rc4 21. Kh1 Bc6 22. f4 Nf5 23. Bxb6 axb6 24. Ne2 Bb5 25. Nc3 Bc6 26. Kg1 Rxf4 27. g3 Rxf1+ 28. Rxf1 Qg5 29. h4 Qg6 30. Ne2 Ke7 31. Kh2 Qh5 32. Nd4 Nxd4 33. Qxd4 Qe2+ 34. Rf2 1-0

[Event "AUT-chT2W 2223"]
[Site "Austria"]
[Date "2023.04.21"]
[Round "9.5"]
[White "Leeb, Simon"]
[Black "Schlosser, Philipp"]
[Result "0-1"]
[WhiteElo "2267"]
[BlackElo "2505"]
[PlyCount "48"]
[EventDate "2022.09.23"]
[EventType "team-tourn"]
[EventRounds "11"]
[EventCountry "AUT"]
[SourceTitle "EXT 2024"]
[Source "ChessBase"]
[SourceDate "2023.10.10"]
[SourceVersion "1"]
[SourceVersionDate "2023.10.10"]
[SourceQuality "1"]
[WhiteTeam "Salzburg Royal"]
[BlackTeam "Jenbach II"]
[WhiteTeamCountry "AUT"]
[BlackTeamCountry "AUT"]

1. d4 Nf6 2. Nc3 d5 3. Bg5 c5 4. e3 Nc6 5. a3 cxd4 6. exd4 a6 7. Qd2 Bf5 8. Nf3 Rc8 9. Bd3 Bxd3 10. Qxd3 e6 11. 0-0 Be7 12. Rae1 0-0 13. Ne5 b5 14. Re3 Nxe5 15. dxe5 Nd7 16. Rh3 g6 17. Bxe7 Qxe7 18. Re1 Rc4 19. Qd2 Rfc8 20. Qh6 Nf8 21. Rf1 b4 22. Nd1 Re4 23. axb4 Rxc2 24. Re3 Rh4 0-1

[Event "AUT-chT2W 2223"]
[Site "Austria"]
[Date "2023.01.22"]
[Round "8.5"]
[White "Leeb, Simon"]
[Black "Maras, Houssni"]
[Result "1-0"]
[WhiteElo "2267"]
[BlackElo "1999"]
[PlyCount "112"]
[EventDate "2022.09.23"]
[EventType "team-tourn"]
[EventRounds "11"]
[EventCountry "AUT"]
[SourceTitle "CBM 213 Extra"]
[Source "ChessBase"]
[SourceDate "2023.05.31"]
[SourceVersion "1"]
[SourceVersionDate "2023.05.31"]
[SourceQuality "1"]
[WhiteTeam "Salzburg Royal"]
[BlackTeam "Pradl"]
[WhiteTeamCountry "AUT"]
[BlackTeamCountry "AUT"]

1. d4 Nf6 2. Nc3 d6 3. e4 g6 4. Be2 Bg7 5. Bg5 c6 6. Qd2 Qa5 7. Nf3 Nbd7 8. 0-0 0-0 9. Rfe1 e5 10. Rad1 Re8 11. d5 c5 12. Nb5 Qb6 13. Bd3 a6 14. Na3 Qc7 15. c4 Nf8 16. h3 Rb8 17. Nh2 Bd7 18. Rf1 Nh5 19. Ng4 Bxg4 20. hxg4 Nf4 21. g3 Nh3+ 22. Kg2 Nxg5 23. Qxg5 Qe7 24. Qd2 Qd7 25. f3 b5 26. Rh1 b4 27. Nb1 Qa4 28. b3 Qd7 29. Rh3 a5 30. Bc2 Ra8 31. Re1 Ra7 32. Re2 Rea8 33. a4 Qc8 34. Kg1 h5 35. Rh4 Bf6 36. g5 Bg7 37. Reh2 Qd8 38. g4 Nh7 39. gxh5 Qxg5+ 40. Qxg5 Nxg5 41. Nd2 gxh5 42. Rxh5 f6 43. Kf2 Bf8 44. Rh8+ Kf7 45. Nf1 Bg7 46. R8h5 Rg8 47. Ne3 Bf8 48. Nf5 Ke8 49. Bd3 Nf7 50. Bf1 Ra6 51. Bh3 Rh8 52. Bg4 Rxh5 53. Bxh5 Ra7 54. Bg6 Rb7 55. Rh7 Ra7 56. Ne3 Kd8 1-0

[Event "Antwerp World Uni op"]
[Site "Antwerp"]
[Date "2022.09.17"]
[Round "9"]
[White "Leeb, Simon"]
[Black "Eugene, Floryan"]
[Result "0-1"]
[WhiteElo "2267"]
[BlackElo "2397"]
[PlyCount "68"]
[EventDate "2022.09.12"]
[EventType "swiss"]
[EventRounds "9"]
[EventCountry "BEL"]
[SourceTitle "EXT 2023"]
[Source "ChessBase"]
[SourceDate "2022.10.05"]
[SourceVersion "1"]
[SourceVersionDate "2022.10.05"]
[SourceQuality "1"]

1. e4 e5 2. f4 exf4 3. Nf3 Nf6 4. e5 Nh5 5. d4 d6 6. Qe2 dxe5 7. Nxe5 Qh4+ 8. g3 Nxg3 9. hxg3 Qxh1 10. Bxf4 Bb4+ 11. Nc3 Bxc3+ 12. bxc3 0-0 13. 0-0-0 Bh3 14. Qh5 Bg2 15. Qe2 Bxf1 16. Rxf1 Qd5 17. Qh5 Nc6 18. Rh1 Qe4 19. Nd3 Qg6 20. Qf3 Rfe8 21. Rh5 f6 22. Rb5 Nd8 23. Bxc7 Ne6 24. Rxb7 Rac8 25. d5 Rxc7 26. dxe6 Rxb7 27. Qxb7 Rxe6 28. Qxa7 Qxg3 29. a4 Qe3+ 30. Qxe3 Rxe3 31. a5 h5 32. a6 h4 33. Nf4 Re8 34. Nd5 Ra8 0-1

[Event "Antwerp World Uni op"]
[Site "Antwerp"]
[Date "2022.09.14"]
[Round "5"]
[White "Lou, Vincent"]
[Black "Leeb, Simon"]
[Result "0-1"]
[WhiteElo "2229"]
[BlackElo "2267"]
[PlyCount "154"]
[EventDate "2022.09.12"]
[EventType "swiss"]
[EventRounds "9"]
[EventCountry "BEL"]
[SourceTitle "EXT 2023"]
[Source "ChessBase"]
[SourceDate "2022.10.05"]
[SourceVersion "1"]
[SourceVersionDate "2022.10.05"]
[SourceQuality "1"]

1. d4 d5 2. c4 c6 3. Nc3 Nf6 4. Nf3 a6 5. e3 b5 6. b3 Bf5 7. Be2 h5 8. Bd3 Bxd3 9. Qxd3 e6 10. 0-0 Nbd7 11. e4 dxc4 12. bxc4 b4 13. Na4 Qa5 14. Nb2 e5 15. Bg5 exd4 16. Bxf6 gxf6 17. Nxd4 Ne5 18. Qe2 Qc7 19. Rad1 0-0-0 20. c5 Bxc5 21. Nb3 Ba7 22. Qxa6+ Kb8 23. Na5 Qb6 24. Qxb6+ Bxb6 25. Nbc4 Bxa5 26. Nxa5 Rxd1 27. Rxd1 Kc7 28. f4 Ra8 29. Nb3 Ng6 30. Nc1 Ra3 31. g3 Rc3 32. Nb3 c5 33. Rd5 Kb6 34. Kf1 Rc2 35. Rxh5 Nf8 36. Rf5 Nd7 37. Rd5 Kc7 38. h4 c4 39. Na5 c3 40. Rb5 Rb2 41. Ke1 Rxa2 42. Rxb4 Rxa5 43. Rc4+ Kd6 44. Rxc3 Nc5 45. Re3 Ra4 46. e5+ fxe5 47. fxe5+ Ke6 48. Kf2 Nd7 49. Rb3 Nxe5 50. Kg2 Ng4 51. Rb5 f5 52. Kf3 Ne5+ 53. Ke3 Ra3+ 54. Kf2 Ng4+ 55. Kg2 Ra2+ 56. Kh1 Rd2 57. Ra5 Rb2 58. Ra6+ Ke5 59. Ra4 Rc2 60. Rb4 Nf2+ 61. Kg1 Ne4 62. Rb5+ Kf6 63. Rb6+ Kf7 64. Rb3 Kg6 65. h5+ Kxh5 66. Rf3 Kg5 67. Rf4 Rc3 68. Kh2 Nxg3 69. Ra4 Ne4 70. Kg2 Kf4 71. Ra5 Rc2+ 72. Kf1 Kg4 73. Ra4 Kf3 74. Ra1 Rf2+ 75. Ke1 Re2+ 76. Kf1 Ng3+ 77. Kg1 Rg2# 0-1

[Event "Antwerp World Uni op"]
[Site "Antwerp"]
[Date "2022.09.12"]
[Round "2"]
[White "Leeb, Simon"]
[Black "Gholami Orimi, Mahdi"]
[Result "0-1"]
[WhiteElo "2267"]
[BlackElo "2428"]
[PlyCount "90"]
[EventDate "2022.09.12"]
[EventType "swiss"]
[EventRounds "9"]
[EventCountry "BEL"]
[SourceTitle "EXT 2023"]
[Source "ChessBase"]
[SourceDate "2022.10.05"]
[SourceVersion "1"]
[SourceVersionDate "2022.10.05"]
[SourceQuality "1"]

1. e4 e5 2. f4 d5 3. exd5 exf4 4. Nf3 Nf6 5. Bc4 Nxd5 6. 0-0 Be7 7. d4 0-0 8. Nc3 c6 9. Nxd5 cxd5 10. Bb3 g5 11. h4 h6 12. Qd3 Nc6 13. c3 Kg7 14. Bd2 Be6 15. Rae1 Rh8 16. Bc2 Qd7 17. b4 a6 18. a4 Bf6 19. b5 axb5 20. axb5 Ne7 21. Ne5 Bxe5 22. Rxe5 f6 23. Bxf4 gxf4 24. Rxf4 fxe5 25. Qg3+ Bg4 26. Rxg4+ Kf8 27. dxe5 Ke8 28. Rg7 Rf8 29. Bd3 Qe6 30. Rh7 Ra1+ 31. Kh2 Qb6 32. Rg7 Qg1+ 33. Kh3 Qh1+ 34. Kg4 Qe1 35. Kh5 Qxg3 36. Rxg3 Rg8 37. Rf3 Rxg2 38. b6 Rb2 39. Rf6 Re1 40. Re6 Kf7 41. Rf6+ Kg7 42. Re6 Nc6 43. Rg6+ Kf7 44. Kxh6 Nxe5 45. Rg7+ Kf6 0-1

[Event "Bayern-chI Bank Hofmann 24th"]
[Site "Tegernsee"]
[Date "2021.11.06"]
[Round "8"]
[White "Hetzner, Hannes"]
[Black "Leeb, Simon"]
[Result "0-1"]
[WhiteElo "1977"]
[BlackElo "2199"]
[PlyCount "42"]
[EventDate "2021.10.30"]
[EventType "swiss"]
[EventRounds "9"]
[EventCountry "GER"]
[SourceTitle "CBM 205 Extra"]
[Source "ChessBase"]
[SourceDate "2022.01.31"]
[SourceVersion "1"]
[SourceVersionDate "2022.01.31"]
[SourceQuality "1"]

1. e4 c6 2. d4 d5 3. e5 c5 4. dxc5 e6 5. a3 Bxc5 6. b4 Be7 7. Qg4 Kf8 8. Bd3 a5 9. Nf3 axb4 10. h4 Nc6 11. Qf4 Nh6 12. g4 f6 13. g5 Nf7 14. gxf6 gxf6 15. Rg1 fxe5 16. Qg3 Bf6 17. Bxh7 e4 18. Be3 d4 19. Bf4 exf3 20. Bc7 Qd5 21. Nd2 Be5 0-1

[Event "AUT-chT2W 2122"]
[Site "Austria"]
[Date "2021.10.16"]
[Round "2.1"]
[White "Zelcic, Robert"]
[Black "Leeb, Simon"]
[Result "1-0"]
[WhiteElo "2527"]
[BlackElo "2199"]
[PlyCount "53"]
[EventDate "2021.10.15"]
[EventType "team-tourn"]
[EventRounds "11"]
[EventCountry "AUT"]
[SourceTitle "CBM 204 Extra"]
[Source "ChessBase"]
[SourceDate "2021.11.30"]
[SourceVersion "1"]
[SourceVersionDate "2021.11.30"]
[SourceQuality "1"]
[WhiteTeam "Schwarzach"]
[BlackTeam "Salzburg Royal"]
[WhiteTeamCountry "AUT"]
[BlackTeamCountry "AUT"]

1. e4 c6 2. Nc3 d5 3. Nf3 Nf6 4. e5 Ne4 5. Ne2 Qb6 6. d4 e6 7. Ng3 Qa5+ 8. c3 c5 9. dxc5 Bxc5 10. Nxe4 dxe4 11. Nd2 e3 12. fxe3 Qd8 13. Qg4 0-0 14. Ne4 Nd7 15. Nxc5 Nxc5 16. e4 f5 17. exf6 Qxf6 18. Be3 Na4 19. 0-0-0 Nxc3 20. e5 Qxe5 21. Bd4 Nxa2+ 22. Kb1 Qc7 23. Bc4 Nb4 24. Rhf1 Rd8 25. Be5 Rxd1+ 26. Qxd1 Qb6 27. Qg4 1-0

[Event "AUT-chT2W 2122"]
[Site "Austria"]
[Date "2021.10.15"]
[Round "1.1"]
[White "Leeb, Simon"]
[Black "Rusche, Johannes"]
[Result "1-0"]
[WhiteElo "2199"]
[BlackElo "2316"]
[PlyCount "87"]
[EventDate "2021.10.15"]
[EventType "team-tourn"]
[EventRounds "11"]
[EventCountry "AUT"]
[SourceTitle "CBM 204 Extra"]
[Source "ChessBase"]
[SourceDate "2021.11.30"]
[SourceVersion "1"]
[SourceVersionDate "2021.11.30"]
[SourceQuality "1"]
[WhiteTeam "Salzburg Royal"]
[BlackTeam "Kufstein/Woergl"]
[WhiteTeamCountry "AUT"]
[BlackTeamCountry "AUT"]

1. Nf3 Nf6 2. g3 e6 3. Bg2 d5 4. c4 Be7 5. 0-0 0-0 6. Nc3 dxc4 7. Qa4 a6 8. Ne5 Nd5 9. Qxc4 b5 10. Qb3 Bb7 11. Nxd5 Bxd5 12. Bxd5 Qxd5 13. Qxd5 exd5 14. d4 Re8 15. Bf4 g5 16. Be3 f6 17. Nd3 Bd6 18. Kg2 Nd7 19. Rfc1 a5 20. Rc6 a4 21. Bd2 Nb8 22. Rcc1 a3 23. bxa3 Rxe2 24. Bb4 Na6 25. Kf1 Re4 26. Bxd6 cxd6 27. Rab1 Rxd4 28. Ne1 Rc4 29. Rd1 Nc7 30. Rb3 Ra5 31. Nd3 Ne6 32. Nb2 Rc5 33. Nd3 Rc2 34. Nb4 Rc4 35. Rxd5 Nc5 36. Re3 Ne4 37. f3 Nc3 38. Rxd6 Rxa3 39. Nd5 b4 40. Rd8+ Kg7 41. Re7+ Kh6 42. Ne3 Rc5 43. Ng4+ Kh5 44. Rg8 1-0

[Event "FIDE World Uni Rapid-D 1st"]
[Site "Tornelo INT"]
[Date "2021.03.20"]
[Round "5"]
[White "Anjali, Manoj"]
[Black "Leeb, Simon"]
[Result "0-1"]
[WhiteElo "1576"]
[BlackElo "2207"]
[PlyCount "82"]
[EventDate "2021.03.20"]
[EventType "swiss (rapid)"]
[EventRounds "12"]
[EventCountry "NET"]
[SourceTitle "EXT 2022"]
[Source "ChessBase"]
[SourceDate "2021.10.06"]
[SourceVersion "1"]
[SourceVersionDate "2021.10.06"]
[SourceQuality "1"]

1. e4 c6 2. d4 d5 3. e5 c5 4. c3 Nc6 5. Nf3 Bg4 6. Bb5 e6 7. h3 Bh5 8. 0-0 Qb6 9. Bxc6+ bxc6 10. Nbd2 Ne7 11. b3 Bg6 12. Bb2 Rb8 13. c4 cxd4 14. Bxd4 c5 15. Bb2 d4 16. Re1 Nc6 17. Ne4 Be7 18. Qd2 0-0 19. g4 a5 20. Ba3 Nb4 21. h4 Qc6 22. Bxb4 Bxe4 23. Nxd4 Qb7 24. Bxc5 Bxc5 25. Nb5 Bb4 26. Nc3 Bf3 27. a3 Bxc3 28. Qxc3 Bxg4 29. Qg3 h5 30. Re3 Rfd8 31. f3 Bf5 32. f4 Rd2 33. Rae1 Bg4 34. Rd3 Rxd3 35. Qxd3 Qxb3 36. Qe4 Qg3+ 37. Kf1 Bh3+ 38. Ke2 Rb2+ 39. Kd1 Bg4+ 40. Kc1 Qc3+ 41. Qc2 Qxc2# 0-1

[Event "FIDE World Uni Rapid-D 1st"]
[Site "Tornelo INT"]
[Date "2021.03.20"]
[Round "4"]
[White "Leeb, Simon"]
[Black "Celestino, Raul"]
[Result "0-1"]
[WhiteElo "2207"]
[BlackElo "1845"]
[PlyCount "132"]
[EventDate "2021.03.20"]
[EventType "swiss (rapid)"]
[EventRounds "12"]
[EventCountry "NET"]
[SourceTitle "EXT 2022"]
[Source "ChessBase"]
[SourceDate "2021.10.06"]
[SourceVersion "1"]
[SourceVersionDate "2021.10.06"]
[SourceQuality "1"]

1. d4 d5 2. c4 c6 3. Nf3 Nf6 4. Nc3 e6 5. Bg5 Nbd7 6. e3 Qa5 7. Nd2 Bb4 8. Qc2 0-0 9. Be2 b6 10. 0-0 Bxc3 11. bxc3 Ba6 12. Rfe1 Rac8 13. Bf4 c5 14. Bd6 Rfe8 15. Qb3 Rc6 16. Bf4 Rec8 17. cxd5 Nxd5 18. Bxa6 Qxa6 19. Bg3 cxd4 20. cxd4 Rc2 21. Ne4 h6 22. h3 N7f6 23. Nd6 R8c3 24. Qb5 Qa3 25. e4 a6 26. Qf1 Nb4 27. Be5 Nd7 28. Bf4 Nd3 29. d5 Nxf4 30. dxe6 Nxe6 31. e5 Nxe5 32. Ne4 Rc7 33. Rad1 Ng6 34. Re3 Qxa2 35. Ra1 Qb2 36. Qxa6 Rc1+ 37. Rxc1 Rxc1+ 38. Kh2 Qe5+ 39. Ng3 Qc7 40. Qa8+ Kh7 41. Rf3 Ng5 42. Rb3 Rc3 43. Rb4 Rc4 44. Rb3 Ne4 45. Qa1 h5 46. Qd1 Rc5 47. Qe2 Nxg3 48. fxg3 h4 49. Qd2 f6 50. Qf2 hxg3+ 51. Qxg3 Qxg3+ 52. Kxg3 b5 53. Ra3 Ne5 54. Ra8 b4 55. Rb8 Rc3+ 56. Kf4 b3 57. h4 b2 58. Kf5 Nd3 59. g4 Rc5+ 60. Ke6 Rc1 61. g5 b1Q 62. Rd8 Qb6+ 63. Rd6 Re1+ 64. Kf7 Qc7+ 65. Kf8 Qxd6+ 66. Kf7 Qe7# 0-1

[Event "FIDE World Uni Blitz-C 1st"]
[Site "Tornelo INT"]
[Date "2021.03.13"]
[Round "7.38"]
[White "Leeb, Simon"]
[Black "Rangel, Hernandez Carlos Al"]
[Result "1-0"]
[WhiteElo "2207"]
[BlackElo "1852"]
[PlyCount "115"]
[EventDate "2021.03.13"]
[EventType "swiss (blitz)"]
[EventRounds "10"]
[EventCountry "NET"]
[SourceTitle "EXT 2022"]
[Source "ChessBase"]
[SourceDate "2021.10.06"]
[SourceVersion "1"]
[SourceVersionDate "2021.10.06"]
[SourceQuality "1"]

1. d4 d5 2. Nf3 Nf6 3. Nc3 Nc6 4. Bf4 a6 5. e3 Bf5 6. Bd3 Bxd3 7. cxd3 e6 8. 0-0 Bd6 9. Ne2 0-0 10. Rc1 h6 11. a3 Nh5 12. Bg3 Nxg3 13. hxg3 Ne7 14. Qb3 Rb8 15. Rc2 c6 16. Rfc1 Ng6 17. Nf4 Nxf4 18. gxf4 Qf6 19. Ne5 Bxe5 20. dxe5 Qg6 21. Rc3 f6 22. d4 fxe5 23. dxe5 Kh7 24. Qc2 Qf5 25. b4 g5 26. Qxf5+ Rxf5 27. g3 gxf4 28. exf4 Kg6 29. Kg2 Rf7 30. Kf3 Ra8 31. Rc5 Raf8 32. a4 Re8 33. b5 cxb5 34. axb5 a5 35. b6 Ra8 36. Rc7 Rxc7 37. Rxc7 a4 38. Rxb7 a3 39. Ra7 Rb8 40. b7 a2 41. g4 Rxb7 42. Rxa2 Rb3+ 43. Kg2 Rb4 44. Kg3 Rb3+ 45. f3 Rc3 46. Ra6 Kf7 47. f5 exf5 48. gxf5 Re3 49. Kf4 Re1 50. Ra7+ Kf8 51. f6 d4 52. Kf5 d3 53. e6 Kg8 54. Rd7 Re3 55. f4 h5 56. Rd8+ Kh7 57. f7 Re5+ 58. Kxe5 1-0

[Event "Pardubice Czech op-A 31st"]
[Site "Pardubice"]
[Date "2020.09.26"]
[Round "6"]
[White "Leeb, Simon"]
[Black "Nemcova, Karin"]
[Result "0-1"]
[WhiteElo "2234"]
[BlackElo "1983"]
[PlyCount "52"]
[EventDate "2020.09.21"]
[EventType "swiss"]
[EventRounds "9"]
[EventCountry "CZE"]
[SourceTitle "CBM 198 Extra"]
[Source "ChessBase"]
[SourceDate "2020.11.30"]
[SourceVersion "1"]
[SourceVersionDate "2020.11.30"]
[SourceQuality "1"]

1. a3 d5 2. Nf3 Nf6 3. d4 e6 4. Bg5 Be7 5. Nbd2 Nbd7 6. c4 0-0 7. e3 a6 8. Rc1 dxc4 9. Bxc4 b5 10. Ba2 Bb7 11. Qc2 c5 12. Bxf6 Bxf6 13. Bb1 g6 14. dxc5 Nxc5 15. b4 Na4 16. 0-0 Bb2 17. Rcd1 Rc8 18. Nc4 Qf6 19. Nxb2 Rxc2 20. Nxa4 Bxf3 21. gxf3 Rc4 22. Nb6 Qg5+ 23. Kh1 Rh4 24. Nd7 Rd8 25. Be4 Rxd7 26. Rxd7 Qe5 0-1

[Event "Pardubice Czech op-A 31st"]
[Site "Pardubice"]
[Date "2020.09.23"]
[Round "3"]
[White "Leeb, Simon"]
[Black "Pantzar, Milton"]
[Result "1/2-1/2"]
[WhiteElo "2234"]
[BlackElo "2424"]
[PlyCount "89"]
[EventDate "2020.09.21"]
[EventType "swiss"]
[EventRounds "9"]
[EventCountry "CZE"]
[SourceTitle "CBM 198 Extra"]
[Source "ChessBase"]
[SourceDate "2020.11.30"]
[SourceVersion "1"]
[SourceVersionDate "2020.11.30"]
[SourceQuality "1"]

1. d4 d5 2. c4 e6 3. Nc3 c5 4. cxd5 exd5 5. Nf3 Nf6 6. Bg5 Be6 7. Bxf6 Qxf6 8. e4 dxe4 9. Nxe4 Qf4 10. Bb5+ Nc6 11. Qe2 Be7 12. Bxc6+ bxc6 13. Nxc5 Bxc5 14. dxc5 Qb4+ 15. Qd2 Qxc5 16. Rc1 Qb5 17. b3 Rd8 18. Qg5 Qb4+ 19. Ke2 0-0 20. Rhd1 Bd5 21. Kf1 Rd6 22. Qe3 Re6 23. Qc3 Qb8 24. Kg1 Rg6 25. Nh4 Rg4 26. Rd4 Rxd4 27. Qxd4 g6 28. Nf3 Bxf3 29. gxf3 Rd8 30. Qe3 Qb5 31. Rc4 h5 32. h4 Qf5 33. Kg2 Rd3 34. Qe4 Qxe4 35. fxe4 Rd6 36. Rb4 Rd7 37. Rb8+ Kg7 38. Rc8 Rd2 39. a4 Rd3 40. f3 Rxb3 41. Rxc6 Rb7 42. Kg3 Rb4 43. Ra6 Rb7 44. Kf4 Re7 45. Ra5 1/2-1/2

[Event "Pardubice Czech op-A 31st"]
[Site "Pardubice"]
[Date "2020.09.22"]
[Round "2"]
[White "Vojta, Jakub"]
[Black "Leeb, Simon"]
[Result "0-1"]
[WhiteElo "2093"]
[BlackElo "2234"]
[PlyCount "146"]
[EventDate "2020.09.21"]
[EventType "swiss"]
[EventRounds "9"]
[EventCountry "CZE"]
[SourceTitle "CBM 198 Extra"]
[Source "ChessBase"]
[SourceDate "2020.11.30"]
[SourceVersion "1"]
[SourceVersionDate "2020.11.30"]
[SourceQuality "1"]

1. e4 c6 2. d4 d5 3. exd5 cxd5 4. Bd3 Nc6 5. c3 Nf6 6. Bf4 g6 7. Nf3 Bf5 8. Bxf5 gxf5 9. Ne5 Rg8 10. 0-0 e6 11. Re1 Bd6 12. Nd2 Qc7 13. Nb3 Ne4 14. f3 Nf6 15. Nc1 Nh5 16. Ncd3 Nxf4 17. Nxf4 Bxe5 18. dxe5 Qb6+ 19. Kh1 Qxb2 20. Rb1 Qxa2 21. Rxb7 Rb8 22. Qb1 Qxb1 23. Rexb1 Rxb7 24. Rxb7 Rf8 25. Rc7 Nxe5 26. Rxa7 Nd7 27. Nd3 f6 28. Nf4 Ke7 29. Ra6 Nc5 30. Ra7+ Nd7 31. Ra6 Nc5 32. Ra7+ Kd6 33. Rxh7 e5 34. Ne2 Rb8 35. h4 Rb2 36. Ng3 f4 37. Nh5 d4 38. cxd4 exd4 39. Nxf4 d3 40. Rh5 d2 41. Rd5+ Ke7 42. Kh2 Na4 43. Rd4 Nc5 44. h5 Nb3 45. Rd3 Rb1 46. Nd5+ Kf7 47. Ne3 Re1 48. Rxb3 Rxe3 49. Rxe3 d1Q 50. Re4 Qd6+ 51. Kh3 Kg7 52. Rh4 Kh6 53. f4 Qd2 54. Kh2 Qf2 55. Rh3 Qxf4+ 56. Kg1 f5 57. Kh1 Qf1+ 58. Kh2 Qe1 59. Rf3 Qe5+ 60. Kg1 Kxh5 61. Rh3+ Kg4 62. Rf3 Qe1+ 63. Kh2 f4 64. Rh3 Kf5 65. Ra3 Ke4 66. Ra4+ Ke3 67. Ra3+ Ke2 68. Rf3 Qh4+ 69. Kg1 Qe1+ 70. Kh2 Qc1 71. Rb3 Ke1 72. Rf3 Qe3 73. Rh3 Kf2 0-1

[Event "AUT-chT2W 1920"]
[Site "Austria"]
[Date "2020.03.08"]
[Round "11.4"]
[White "Neuschmied, Siegfried"]
[Black "Leeb, Simon"]
[Result "0-1"]
[WhiteElo "2268"]
[BlackElo "2203"]
[PlyCount "110"]
[EventDate "2019.10.04"]
[EventType "team-tourn"]
[EventRounds "11"]
[EventCountry "AUT"]
[SourceTitle "EXT 2022"]
[Source "ChessBase"]
[SourceDate "2021.10.06"]
[SourceVersion "1"]
[SourceVersionDate "2021.10.06"]
[SourceQuality "1"]
[WhiteTeam "Kufstein/Woergl"]
[BlackTeam "Salzburg ASK"]
[WhiteTeamCountry "AUT"]
[BlackTeamCountry "AUT"]

1. e4 c6 2. d4 d5 3. exd5 cxd5 4. Bd3 Nc6 5. c3 Nf6 6. h3 g6 7. Bf4 Bf5 8. Be2 Qb6 9. Qb3 Nd7 10. Nd2 e5 11. Qxb6 axb6 12. dxe5 Bg7 13. Ngf3 Ndxe5 14. Nxe5 Nxe5 15. Bb5+ Nc6 16. Nb3 0-0 17. Be3 d4 18. cxd4 Nb4 19. Kd2 Rfd8 20. Rhc1 Be4 21. a3 Nd5 22. g3 Nf6 23. Ke2 Bd5 24. Nd2 h5 25. Rc7 Bg2 26. h4 Nd5 27. Rd7 Rxd7 28. Bxd7 Rd8 29. Rg1 Rxd7 30. Rxg2 Nc7 31. Nf3 Ne6 32. Rg1 b5 33. Rc1 Kf8 34. Kd3 Ke7 35. Rc8 Bf6 36. Ke4 Bg7 37. Kd3 Bf6 38. Rc3 Bg7 39. Ke4 Bh8 40. Rc1 Bg7 41. Rd1 Nc5+ 42. dxc5 Rxd1 43. Nd4 Bxd4 44. Bxd4 Ke6 45. Bc3 f6 46. f3 Rg1 47. Kf4 g5+ 48. hxg5 fxg5+ 49. Kxg5 Rxg3+ 50. Kxh5 Rxf3 51. Kg4 Rf7 52. Bb4 Kd5 53. b3 Rf1 54. a4 bxa4 55. bxa4 Ra1 0-1

[Event "AUT-chT2W 1920"]
[Site "Austria"]
[Date "2020.01.17"]
[Round "6.4"]
[White "Lins, Philipp"]
[Black "Leeb, Simon"]
[Result "0-1"]
[WhiteElo "2130"]
[BlackElo "2203"]
[PlyCount "190"]
[EventDate "2019.10.04"]
[EventType "team-tourn"]
[EventRounds "11"]
[EventCountry "AUT"]
[SourceTitle "CBM 195 Extra"]
[Source "ChessBase"]
[SourceDate "2020.05.31"]
[SourceVersion "1"]
[SourceVersionDate "2020.05.31"]
[SourceQuality "1"]
[WhiteTeam "Hohenems II"]
[BlackTeam "Bernhard"]
[WhiteTeamCountry "AUT"]
[BlackTeamCountry "AUT"]

1. Nf3 d5 2. d4 Nf6 3. c4 c6 4. cxd5 Nxd5 5. e4 Nb6 6. h3 g6 7. Be2 Bg7 8. 0-0 N8d7 9. Nc3 0-0 10. Re1 e5 11. Be3 Qe7 12. Qd3 Re8 13. Bg5 Qd6 14. dxe5 Nxe5 15. Rad1 Nxf3+ 16. Bxf3 Qe5 17. Bh4 Be6 18. Qc2 Qc5 19. Rc1 Be5 20. Qb1 Qf8 21. b3 Qh6 22. Bg3 Bxg3 23. fxg3 Rad8 24. Rcd1 Nd7 25. Qd3 Qg5 26. Ne2 Qa5 27. Qc2 Ne5 28. Nf4 h5 29. Kh2 h4 30. Nxe6 hxg3+ 31. Kxg3 Rxe6 32. Be2 Rxd1 33. Rxd1 Qc7 34. Kf2 Rd6 35. Kg1 Qb6+ 36. Kh1 Rxd1+ 37. Qxd1 Qe3 38. Bf3 Nd3 39. Kh2 c5 40. Qa1 Qf4+ 41. Kg1 Qc1+ 42. Qxc1 Nxc1 43. Kf2 Nxa2 44. Ke3 Nb4 45. e5 b5 46. Ke4 a5 47. Bd1 Kg7 48. h4 Na2 49. Kd3 f5 50. exf6+ Kxf6 51. g4 Ke5 52. h5 gxh5 53. gxh5 Nb4+ 54. Kd2 Nd5 55. Be2 b4 56. Bd3 Nb6 57. h6 Kf6 58. Bc2 Kf7 59. Be4 Kf6 60. Kd3 Kf7 61. Bf5 Kf6 62. Be4 Nc8 63. h7 Kg7 64. Kd2 Nd6 65. Bg6 Nb5 66. Kd3 Nd6 67. Kd2 Nc8 68. Kd3 Nb6 69. Be4 Kh8 70. Bf5 Nd5 71. Be4 Nb6 72. Bf5 Kg7 73. Be4 Nc8 74. Kd2 Nd6 75. Bg6 c4 76. bxc4 Nxc4+ 77. Kc2 a4 78. Bd3 Ne3+ 79. Kb2 Nd5 80. Be4 a3+ 81. Ka1 Nc3 82. Bc2 Kh8 83. Bb3 Kxh7 84. Bc2+ Kg7 85. Bb3 Kf6 86. Bc2 Ke5 87. Bb3 Kd4 88. Bc2 Nd5 89. Ka2 Kc3 90. Bb3 Ne3 91. Ba4 Nc4 92. Bb3 Ne5 93. Ba4 Nd3 94. Bd1 Nc1+ 95. Kb1 b3 0-1

[Event "Oberliga Bayern 1920"]
[Site "Bayern"]
[Date "2019.10.20"]
[Round "1.7"]
[White "Dechant, Georg"]
[Black "Leeb, Simon"]
[Result "1-0"]
[WhiteElo "2055"]
[BlackElo "2219"]
[PlyCount "57"]
[EventDate "2019.10.20"]
[EventType "team-tourn"]
[EventRounds "9"]
[EventCountry "GER"]
[SourceTitle "EXT 2022"]
[Source "ChessBase"]
[SourceDate "2021.10.06"]
[SourceVersion "1"]
[SourceVersionDate "2021.10.06"]
[SourceQuality "1"]
[WhiteTeam "Regensburg Bavaria"]
[BlackTeam "Muenchen Suedost"]
[WhiteTeamCountry "GER"]
[BlackTeamCountry "GER"]

1. e4 c6 2. d4 d5 3. e5 c5 4. Nf3 Bg4 5. dxc5 Qa5+ 6. c3 Bxf3 7. Qxf3 Qxc5 8. Be3 Qc6 9. Na3 a6 10. Nc2 e6 11. Qg3 Nd7 12. Nd4 Qc7 13. f4 Nc5 14. Be2 Ne7 15. 0-0 g6 16. Qh3 Bg7 17. Rac1 Rc8 18. b4 Ne4 19. c4 Qd7 20. cxd5 Rxc1 21. Rxc1 Nxd5 22. Bg4 Nec3 23. Nxe6 fxe6 24. Bxe6 Qe7 25. Kh1 b6 26. Bd2 Rf8 27. Qg4 Nxf4 28. Bxf4 Qxb4 29. Bd7+ 1-0

[Event "AUT-chT2W 1920"]
[Site "Austria"]
[Date "2019.10.04"]
[Round "1.5"]
[White "Leeb, Simon"]
[Black "Stoeckl, Norbert"]
[Result "1-0"]
[WhiteElo "2203"]
[BlackElo "2054"]
[PlyCount "49"]
[EventDate "2019.10.04"]
[EventType "team-tourn"]
[EventRounds "11"]
[EventCountry "AUT"]
[SourceTitle "CBM 192 Extra"]
[Source "Chessbase"]
[SourceDate "2019.11.06"]
[SourceVersion "1"]
[SourceVersionDate "2019.11.06"]
[SourceQuality "1"]
[WhiteTeam "Bernhard"]
[BlackTeam "Schwarzach"]
[WhiteTeamCountry "AUT"]
[BlackTeamCountry "AUT"]

1. d4 Nf6 2. c4 g6 3. Nc3 d5 4. g3 Bg7 5. cxd5 Nxd5 6. Bg2 Be6 7. Nf3 Nxc3 8. bxc3 Bd5 9. Qd3 b6 10. 0-0 Nd7 11. Ba3 0-0 12. Rfe1 Bb7 13. Rad1 Re8 14. Qc2 Qc8 15. e4 c5 16. d5 b5 17. Bh3 Rd8 18. e5 Qc7 19. e6 Nf8 20. exf7+ Kh8 21. c4 e6 22. dxe6 Bxf3 23. Rxd8 Qe7 24. Re8 Qxe8 25. fxe8Q 1-0